[Event "Bicaz City Cup"]
[Site "Bicaz"]
[Date "2020.03.07"]
[Round "4"]
[White "Telea, Stefan"]
[Black "Svetushkin, Dmitry"]
[Result "0-1"]
[WhiteElo "2006"]
[BlackElo "2504"]
[PlyCount "54"]
[EventDate "2020.03.05"]
[EventType "swiss"]
[EventRounds "7"]
[EventCountry "ROU"]
[SourceTitle "CBM 195 Extra"]
[Source "ChessBase"]
[SourceDate "2020.05.31"]
[SourceVersion "1"]
[SourceVersionDate "2020.05.31"]
[SourceQuality "1"]

1. Nf3 d5 2. g3 c6 3. Bg2 Nf6 4. 0-0 Bf5 5. d3 e6 6. c4 Be7 7. cxd5 exd5 8. Qb3 Qb6 9. Qa4 0-0 10. Nc3 Nbd7 11. Nd4 Bg6 12. Nb3 a5 13. a3 Rfe8 14. e4 dxe4 15. dxe4 Qa6 16. Nd4 Bc5 17. Nf5 Ng4 18. Bf4 Nde5 19. Bxe5 Rxe5 20. Nh4 Nxf2 21. Rxf2 Bxf2+ 22. Kxf2 Qb6+ 23. Kf3 Bh5+ 24. g4 Bxg4+ 25. Kxg4 Qe3 26. Nf5 h5+ 27. Kxh5 Qf4 0-1

[Event "Wch Seniors 50 29th"]
[Site "Bucharest"]
[Date "2019.11.23"]
[Round "11"]
[White "Telea, Stefan"]
[Black "Tazlaoanu, Cezar"]
[Result "1-0"]
[WhiteElo "2028"]
[BlackElo "1901"]
[PlyCount "103"]
[EventDate "2019.11.12"]
[EventType "swiss"]
[EventRounds "11"]
[EventCountry "ROU"]
[SourceTitle "CBM 193 Extra"]
[Source "ChessBase"]
[SourceDate "2020.01.31"]
[SourceVersion "1"]
[SourceVersionDate "2020.01.31"]
[SourceQuality "1"]

1. Nf3 Nf6 2. c4 g6 3. g3 Bg7 4. Bg2 0-0 5. 0-0 c6 6. d4 d5 7. Nc3 Re8 8. b3 Nbd7 9. Bb2 Nb6 10. cxd5 cxd5 11. Rc1 Bd7 12. a4 Bc6 13. Ne5 Rc8 14. a5 Nbd7 15. b4 a6 16. Nxc6 bxc6 17. Qd3 e5 18. Na4 Qe7 19. dxe5 Nxe5 20. Bxe5 Qxe5 21. e3 Bf8 22. Nc5 Bxc5 23. Rxc5 Nd7 24. Rcc1 Nb8 25. Rfd1 Kg7 26. Qc3 Qxc3 27. Rxc3 f5 28. Rdc1 Red8 29. Rc5 d4 30. exd4 Rxd4 31. b5 axb5 32. Rxb5 Rd1+ 33. Rxd1 cxb5 34. a6 Rc7 35. Bb7 Nxa6 36. Bxa6 b4 37. Rb1 Rc6 38. Bb7 Rb6 39. Bd5 Kf6 40. Bb3 Ke5 41. Rd1 h6 42. f4+ Kf6 43. h4 g5 44. h5 Rc6 45. Rd3 Rc1+ 46. Kf2 gxf4 47. gxf4 Rh1 48. Rd6+ Kg7 49. Rg6+ Kh7 50. Bg8+ Kh8 51. Bd5 Rxh5 52. Kg3 1-0

[Event "Wch Seniors 50 29th"]
[Site "Bucharest"]
[Date "2019.11.22"]
[Round "10"]
[White "Bennett, Hilton Petrie"]
[Black "Telea, Stefan"]
[Result "1-0"]
[WhiteElo "1906"]
[BlackElo "2028"]
[PlyCount "83"]
[EventDate "2019.11.12"]
[EventType "swiss"]
[EventRounds "11"]
[EventCountry "ROU"]
[SourceTitle "CBM 193 Extra"]
[Source "ChessBase"]
[SourceDate "2020.01.31"]
[SourceVersion "1"]
[SourceVersionDate "2020.01.31"]
[SourceQuality "1"]

1. e4 d5 2. exd5 Qxd5 3. Nc3 Qa5 4. Bc4 Nf6 5. h3 Bf5 6. d3 e6 7. Nf3 Nbd7 8. 0-0 0-0-0 9. Nb5 a6 10. Nbd4 Ne5 11. Nb3 Nxf3+ 12. Qxf3 Qa4 13. Bf4 Bd6 14. Bxd6 Rxd6 15. Qxb7+ Kxb7 16. Nc5+ Ka7 17. Nxa4 g5 18. Nc3 h5 19. Ne2 Nd7 20. Ng3 Ne5 21. Nxf5 exf5 22. Bb3 f4 23. Rfe1 f6 24. Re4 c5 25. Rae1 Kb6 26. a3 Rh7 27. Ba2 a5 28. b4 axb4 29. axb4 Rd4 30. bxc5+ Kxc5 31. Bb3 Rb7 32. Rxe5+ fxe5 33. Rxe5+ Kb4 34. Rxg5 Rb5 35. c3+ Kxb3 36. Rxb5+ Kxc3 37. Rxh5 Kxd3 38. Re5 Rc4 39. h4 Kd4 40. Re8 f3 41. gxf3 Kd5 42. Re4 1-0

[Event "Wch Seniors 50 29th"]
[Site "Bucharest"]
[Date "2019.11.19"]
[Round "7"]
[White "Telea, Stefan"]
[Black "Uzuner, Tufan Can"]
[Result "1/2-1/2"]
[WhiteElo "2028"]
[BlackElo "1870"]
[PlyCount "60"]
[EventDate "2019.11.12"]
[EventType "swiss"]
[EventRounds "11"]
[EventCountry "ROU"]
[SourceTitle "CBM 193 Extra"]
[Source "ChessBase"]
[SourceDate "2020.01.31"]
[SourceVersion "1"]
[SourceVersionDate "2020.01.31"]
[SourceQuality "1"]

1. d4 Nf6 2. c4 e6 3. g3 d5 4. Bg2 Be7 5. Nf3 0-0 6. 0-0 dxc4 7. Na3 Bxa3 8. bxa3 b5 9. a4 a6 10. Qc2 Bb7 11. Bg5 h6 12. Bxf6 Qxf6 13. Rfb1 Bxf3 14. Bxf3 c6 15. Qc3 Rd8 16. Qa5 Ra7 17. axb5 cxb5 18. a4 Rad7 19. axb5 axb5 20. Qxb5 Rxd4 21. Bg2 Nd7 22. Ra5 Rb8 23. Qxd7 Rxd7 24. Rxb8+ Kh7 25. Rc5 c3 26. Rbc8 g6 27. Rxc3 h5 28. R3c7 Rxc7 29. Rxc7 Kg7 30. h4 Qe5 1/2-1/2

[Event "ROM-chT2"]
[Site "Calimanesti"]
[Date "2014.11.08"]
[Round "1.4"]
[White "Telea, Stefan"]
[Black "Kelly, Ladislau Endre"]
[Result "0-1"]
[WhiteElo "2089"]
[BlackElo "2192"]
[PlyCount "102"]
[EventDate "2014.11.08"]
[EventType "team-tourn"]
[EventRounds "9"]
[EventCountry "ROU"]
[SourceTitle "CBM 163 Extra"]
[Source "ChessBase"]
[SourceDate "2014.12.23"]
[SourceVersion "1"]
[SourceVersionDate "2014.12.23"]
[SourceQuality "1"]
[WhiteTeam "Targoviste Chindia"]
[BlackTeam "Arad Vados"]
[WhiteTeamCountry "ROU"]
[BlackTeamCountry "ROU"]

1. Nf3 g6 2. g3 Bg7 3. d4 c5 4. Bg2 cxd4 5. Nxd4 Nc6 6. Nb3 Nf6 7. c4 0-0 8. 0-0 d6 9. Nc3 Be6 10. c5 Qc8 11. cxd6 Rd8 12. Nc5 Rxd6 13. Qa4 Rd4 14. Qa3 Bh3 15. Be3 Rh4 16. Bf3 Bxf1 17. gxh4 Bh3 18. Qa4 Rb8 19. Nd3 Ng4 20. Bc5 Nge5 21. Nxe5 Nxe5 22. Bxe7 Nxf3+ 23. exf3 Bxc3 24. bxc3 Qxc3 25. Qd1 Rc8 26. Bg5 Qe5 27. Be3 b6 28. Qd4 Qxd4 29. Bxd4 Rd8 30. Bf6 Rd6 31. Be5 Rd7 32. f4 f5 33. Rc1 Kf7 34. f3 Rd2 35. a3 Rg2+ 36. Kh1 Ke6 37. Rg1 Rf2 38. Bd4 Rxf3 39. Rg3 Rf1+ 40. Bg1 Bg4 41. Re3+ Kd7 42. Kg2 Rxf4 43. Bf2 Re4 44. Rd3+ Kc6 45. h3 Be2 46. Rd8 Ra4 47. Rh8 Rxa3 48. Rxh7 a5 49. Rg7 Bh5 50. Rf7 b5 51. Rf8 b4 0-1

[Event "ROM-chT2"]
[Site "Olanesti"]
[Date "2013.10.18"]
[Round "7.3"]
[White "Telea, Stefan"]
[Black "Ionescu, Mihai"]
[Result "1/2-1/2"]
[WhiteElo "2092"]
[BlackElo "2333"]
[PlyCount "93"]
[EventDate "2013.10.12"]
[EventType "team-tourn"]
[EventRounds "9"]
[EventCountry "ROU"]
[SourceTitle "EXT 2014"]
[Source "ChessBase"]
[SourceDate "2013.11.20"]
[SourceVersion "1"]
[SourceVersionDate "2013.11.20"]
[SourceQuality "1"]
[WhiteTeam "Targoviste Chindia"]
[BlackTeam "Oltenia Craiova"]
[WhiteTeamCountry "ROU"]
[BlackTeamCountry "ROU"]

1. c4 c6 2. e4 d5 3. exd5 cxd5 4. d4 Nf6 5. Nc3 Nc6 6. Nf3 Bg4 7. Be2 e6 8. cxd5 Nxd5 9. 0-0 Be7 10. h3 Bh5 11. Qb3 Qb6 12. Qxb6 axb6 13. Nxd5 exd5 14. Bf4 0-0 15. a3 Bxf3 16. Bxf3 Nxd4 17. Bc7 Nxf3+ 18. gxf3 Bf6 19. Rad1 Bxb2 20. Rxd5 Rfc8 21. Bxb6 Rxa3 22. Rb1 Bf6 23. Be3 Ra1 24. Rxa1 Bxa1 25. Rb5 f6 26. Rxb7 Be5 27. f4 Bd6 28. Rd7 Bf8 29. Kg2 h6 30. Kf3 Kh7 31. f5 Bc5 32. Rd5 Bxe3 33. fxe3 h5 34. h4 Rc1 35. Kf2 Rc4 36. Rd4 Rc5 37. e4 Rc3 38. Kg2 Re3 39. Ra4 Kg8 40. Ra8+ Kf7 41. Rh8 Rxe4 42. Rxh5 Ke7 43. Kf3 Ra4 44. Rh7 Kd6 45. Rxg7 Rxh4 46. Ra7 Ke5 47. Ra1 1/2-1/2

[Event "ROM-chT2"]
[Site "Olanesti"]
[Date "2013.10.13"]
[Round "2.4"]
[White "Telea, Stefan"]
[Black "Tusu, Nicolae Dan"]
[Result "1/2-1/2"]
[WhiteElo "2092"]
[BlackElo "1962"]
[PlyCount "103"]
[EventDate "2013.10.12"]
[EventType "team-tourn"]
[EventRounds "9"]
[EventCountry "ROU"]
[SourceTitle "EXT 2014"]
[Source "ChessBase"]
[SourceDate "2013.11.20"]
[SourceVersion "1"]
[SourceVersionDate "2013.11.20"]
[SourceQuality "1"]
[WhiteTeam "Targoviste Chindia"]
[BlackTeam "Ramnicu Valcea"]
[WhiteTeamCountry "ROU"]
[BlackTeamCountry "ROU"]

1. Nf3 c5 2. g3 Nf6 3. Bg2 Nc6 4. d4 e6 5. 0-0 Be7 6. c4 cxd4 7. Nxd4 0-0 8. Nc3 a6 9. Bf4 Nxd4 10. Qxd4 d6 11. Qd2 Qc7 12. Rac1 h6 13. Rfd1 e5 14. Be3 Bf5 15. b4 Rac8 16. b5 Rfd8 17. Na4 Nd7 18. b6 Qb8 19. Qd5 Rc6 20. Qa5 Rcc8 21. Qd5 Rc6 22. Qa5 Rcc8 23. Nc3 Nf6 24. Nd5 Nxd5 25. Bxd5 Rd7 26. Kg2 Rf8 27. f3 Qd8 28. Qd2 h5 29. a4 Be6 30. a5 Re8 31. h4 Bf6 32. Qd3 Bxd5 33. cxd5 e4 34. fxe4 Rde7 35. Rc4 Qd7 36. Bf4 Be5 37. Bd2 Qg4 38. Qf3 Qg6 39. Rf1 Bf6 40. Bf4 Rxe4 41. Rxe4 Rxe4 42. Bxd6 Bxh4 43. Qf5 Rxe2+ 44. Kh3 Bf6 45. Bc7 Rd2 46. d6 Rd3 47. Qxg6 fxg6 48. Kg2 Kf7 49. Re1 g5 50. Re4 h4 51. g4 Rd2+ 52. Kh1 1/2-1/2

[Event "ROM-ch"]
[Site "Baile Olanesti"]
[Date "2013.02.19"]
[Round "5"]
[White "Telea, Stefan"]
[Black "Tiron, Calin Andrei"]
[Result "1-0"]
[WhiteElo "2118"]
[BlackElo "1906"]
[PlyCount "85"]
[EventDate "2013.02.16"]
[EventType "swiss"]
[EventRounds "11"]
[EventCountry "ROU"]
[SourceTitle "CBM 153 Extra"]
[Source "ChessBase"]
[SourceDate "2013.04.22"]
[SourceVersion "1"]
[SourceVersionDate "2013.04.22"]
[SourceQuality "1"]

1. d4 Nf6 2. c4 e6 3. g3 Bb4+ 4. Bd2 Qe7 5. Bg2 0-0 6. Nc3 d6 7. a3 Bxc3 8. Bxc3 Re8 9. Qc2 e5 10. dxe5 dxe5 11. Nf3 e4 12. Ng5 Bf5 13. Bxf6 gxf6 14. Nh3 Nc6 15. 0-0-0 Rad8 16. Nf4 Qe5 17. e3 Na5 18. Rxd8 Rxd8 19. Rd1 Rxd1+ 20. Kxd1 Qd6+ 21. Kc1 Qc6 22. Nd5 Kf8 23. b3 Qc5 24. Kb2 b5 25. Bxe4 bxc4 26. b4 Qxd5 27. Bxd5 Bxc2 28. Kxc2 c6 29. Be4 Nb7 30. Bxc6 Nd6 31. Kc3 Ke7 32. e4 Ke6 33. Bd5+ Ke7 34. a4 h6 35. Kd4 Kd7 36. Bxc4 Kc6 37. f4 Kd7 38. e5 fxe5+ 39. fxe5 Nf5+ 40. Ke4 Ne7 41. Bxf7 Nc6 42. b5 Nd8 43. Bd5 1-0

[Event "ROM-ch"]
[Site "Sarata Monteoru"]
[Date "2012.02.20"]
[Round "10"]
[White "Telea, Stefan"]
[Black "Tiron, Lucian Ilie"]
[Result "1/2-1/2"]
[WhiteElo "2112"]
[BlackElo "1846"]
[PlyCount "138"]
[EventDate "2012.02.13"]
[EventType "swiss"]
[EventRounds "11"]
[EventCountry "ROU"]
[SourceTitle "CBM 147 Extra"]
[Source "ChessBase"]
[SourceDate "2012.04.24"]
[SourceVersion "1"]
[SourceVersionDate "2012.04.24"]
[SourceQuality "1"]

1. d4 Nf6 2. c4 e6 3. Nf3 Bb4+ 4. Bd2 Qe7 5. Nc3 b6 6. e3 Bb7 7. Bd3 Bxc3 8. Bxc3 Ne4 9. Qc2 Nxc3 10. Qxc3 d6 11. e4 Nd7 12. 0-0 e5 13. d5 a5 14. a3 a4 15. Bc2 0-0 16. Nd2 Nc5 17. Rae1 Bc8 18. Re3 f5 19. f4 exf4 20. Rxf4 fxe4 21. Rxf8+ Qxf8 22. Nxe4 Nxe4 23. Bxe4 Bg4 24. Qc2 h6 25. Bh7+ Kh8 26. Bg6 Qf4 27. Qe4 Qxe4 28. Rxe4 Bd7 29. Re7 Rd8 30. Bf7 c6 31. dxc6 Bxc6 32. Rc7 Be4 33. Bd5 Bxd5 34. cxd5 Re8 35. Rc6 b5 36. Rb6 Re5 37. Rxb5 Kh7 38. Rb4 Rxd5 39. Rxa4 Rd1+ 40. Kf2 Rd2+ 41. Kf3 Rxb2 42. Rb4 Ra2 43. a4 d5 44. h4 Kg6 45. g4 Kf6 46. Kf4 g5+ 47. hxg5+ hxg5+ 48. Ke3 Ke5 49. Kd3 Ra3+ 50. Kc2 d4 51. Kb2 Rh3 52. a5 Rh8 53. a6 Ra8 54. Ra4 Ke4 55. a7 Ke3 56. Ra5 Kf4 57. Rd5 Rxa7 58. Rxd4+ Kf3 59. Kc2 Rf7 60. Kd2 Rf4 61. Rd3+ Kxg4 62. Ke3 Kh4 63. Rd1 g4 64. Ke2 g3 65. Rd8 Rf2+ 66. Ke1 Rh2 67. Kf1 Rf2+ 68. Kg1 Kg5 69. Rg8+ Kf4 1/2-1/2

[Event "ROM-ch"]
[Site "Sarata Monteoru"]
[Date "2012.02.15"]
[Round "3"]
[White "Mirauta, Stefano Marius"]
[Black "Telea, Stefan"]
[Result "0-1"]
[WhiteElo "1823"]
[BlackElo "2112"]
[PlyCount "38"]
[EventDate "2012.02.13"]
[EventType "swiss"]
[EventRounds "11"]
[EventCountry "ROU"]
[SourceTitle "CBM 147 Extra"]
[Source "ChessBase"]
[SourceDate "2012.04.24"]
[SourceVersion "1"]
[SourceVersionDate "2012.04.24"]
[SourceQuality "1"]

1. e4 d5 2. exd5 Qxd5 3. Nc3 Qa5 4. d4 Nf6 5. Nf3 Bg4 6. Bd2 Qh5 7. Be2 Nc6 8. Be3 0-0-0 9. 0-0 e5 10. d5 Bb4 11. h3 Bxc3 12. hxg4 Nxg4 13. bxc3 f5 14. g3 Qh3 15. Re1 Nxe3 16. fxe3 Qxg3+ 17. Kf1 Rd6 18. Bb5 e4 19. Bxc6 exf3 0-1

[Event "ROM-ch"]
[Site "Sarata Monteoru"]
[Date "2012.02.14"]
[Round "2"]
[White "Telea, Stefan"]
[Black "Costachi, Mihnea"]
[Result "0-1"]
[WhiteElo "2112"]
[BlackElo "1937"]
[PlyCount "90"]
[EventDate "2012.02.13"]
[EventType "swiss"]
[EventRounds "11"]
[EventCountry "ROU"]
[SourceTitle "CBM 147 Extra"]
[Source "ChessBase"]
[SourceDate "2012.04.24"]
[SourceVersion "1"]
[SourceVersionDate "2012.04.24"]
[SourceQuality "1"]

1. Nf3 Nf6 2. c4 g6 3. Nc3 Bg7 4. g3 0-0 5. Bg2 d6 6. 0-0 Nc6 7. d4 Rb8 8. d5 Na5 9. Qd3 c5 10. dxc6 bxc6 11. Rb1 Ba6 12. b3 d5 13. Bf4 Rc8 14. Rfd1 Nd7 15. Qd2 e5 16. Bg5 f6 17. Bh6 Bxh6 18. Qxh6 d4 19. Ne4 Qe7 20. h4 f5 21. Neg5 Nf6 22. Nh3 c5 23. e3 d3 24. Nh2 Rcd8 25. Bf1 e4 26. Nf4 Kf7 27. h5 Rg8 28. hxg6+ hxg6 29. Qg5 Nc6 30. Bh3 Ne5 31. Kg2 Rh8 32. Rh1 Ng8 33. Qxe7+ Nxe7 34. g4 g5 35. Nh5 Bc8 36. Kg3 fxg4 37. Bxg4 Nxg4 38. Nxg4 Nf5+ 39. Kg2 Nh4+ 40. Rxh4 gxh4 41. Ne5+ Ke6 42. Ng6 Rxh5 43. Nf4+ Kf7 44. Nxh5 d2 45. Rd1 Bg4 0-1

[Event "Eforie Nord op 3rd"]
[Site "Eforie Nord"]
[Date "2011.06.26"]
[Round "7"]
[White "Telea, Stefan"]
[Black "Nevednichy, Boris M"]
[Result "1/2-1/2"]
[WhiteElo "2110"]
[BlackElo "2269"]
[PlyCount "72"]
[EventDate "2011.06.20"]
[EventType "swiss"]
[EventRounds "11"]
[EventCountry "ROU"]
[SourceTitle "CBM 143 Extra"]
[Source "ChessBase"]
[SourceDate "2011.08.29"]
[SourceVersion "1"]
[SourceVersionDate "2011.08.29"]
[SourceQuality "1"]

1. Nf3 d5 2. d4 Nf6 3. c4 c6 4. e3 g6 5. Nc3 Bg7 6. Bd3 0-0 7. 0-0 Bg4 8. h3 Bxf3 9. Qxf3 e6 10. Rd1 Nbd7 11. e4 dxe4 12. Bxe4 Nxe4 13. Nxe4 h6 14. Bf4 Qb6 15. Rd2 e5 16. dxe5 Nxe5 17. Bxe5 Bxe5 18. Nf6+ Bxf6 19. Qxf6 Qb4 20. Rd7 Rae8 21. b3 a5 22. Rad1 Re6 23. Qf4 g5 24. Qf5 a4 25. R1d3 axb3 26. axb3 b5 27. cxb5 cxb5 28. Rf3 Qe1+ 29. Kh2 Qe5+ 30. g3 Qxf5 31. Rxf5 Rb6 32. b4 Kg7 33. Kg2 Kg6 34. Rdd5 Rc8 35. Rxb5 Rcb8 36. Rxb6+ Rxb6 1/2-1/2

[Event "Eforie Nord op 3rd"]
[Site "Eforie Nord"]
[Date "2011.06.20"]
[Round "1"]
[White "Fedorov, Alexei"]
[Black "Telea, Stefan"]
[Result "1-0"]
[WhiteElo "2592"]
[BlackElo "2110"]
[PlyCount "69"]
[EventDate "2011.06.20"]
[EventType "swiss"]
[EventRounds "11"]
[EventCountry "ROU"]
[SourceTitle "CBM 143 Extra"]
[Source "ChessBase"]
[SourceDate "2011.08.29"]
[SourceVersion "1"]
[SourceVersionDate "2011.08.29"]
[SourceQuality "1"]

1. e4 c5 2. Nf3 Nc6 3. d4 cxd4 4. Nxd4 Qb6 5. Nb3 Nf6 6. Nc3 e6 7. Bd3 Bb4 8. Bd2 0-0 9. 0-0 d5 10. exd5 exd5 11. h3 h6 12. Re1 Be6 13. Qf3 Be7 14. Rad1 Rfd8 15. a3 a6 16. Re2 Rac8 17. Rde1 Kh8 18. Bf4 d4 19. Na4 Qa7 20. Rxe6 fxe6 21. Rxe6 b5 22. Rxc6 Rxc6 23. Qxc6 bxa4 24. Qxa4 Nd5 25. Bd2 Bf6 26. Qxa6 Qe7 27. Qc6 Qe5 28. Nc5 Qh5 29. Ne4 Be5 30. g3 Nf6 31. Nxf6 gxf6 32. Qe6 Rd6 33. Qc8+ Kg7 34. Bc4 Qd1+ 35. Kh2 1-0

[Event "ROM-ch op"]
[Site "Sarata Monteoru"]
[Date "2011.02.20"]
[Round "11"]
[White "Telea, Stefan"]
[Black "Vasilescu, Lucian Mihail"]
[Result "0-1"]
[WhiteElo "2095"]
[BlackElo "2298"]
[PlyCount "86"]
[EventDate "2011.02.12"]
[EventType "swiss"]
[EventRounds "11"]
[EventCountry "ROU"]
[SourceTitle "EXT 2013"]
[Source "ChessBase"]
[SourceDate "2012.11.22"]
[SourceVersion "1"]
[SourceVersionDate "2012.11.22"]
[SourceQuality "1"]

1. d4 d5 2. c4 e6 3. Nf3 Nf6 4. e3 Be7 5. b3 0-0 6. Bd3 b6 7. Bb2 Bb7 8. Nbd2 a5 9. 0-0 Na6 10. a3 c5 11. Ne5 Bd6 12. f4 Qe7 13. Qe2 Ne4 14. Qh5 g6 15. Qe2 f6 16. Ng4 cxd4 17. exd4 f5 18. Ne5 Bxe5 19. fxe5 Nxd2 20. Qxd2 a4 21. bxa4 dxc4 22. Bxc4 Nc7 23. Bc3 Rfc8 24. Bb4 Qd7 25. a5 bxa5 26. Bd6 Ne8 27. Qa2 Rxc4 28. Qxc4 Ba6 29. Qc5 Bxf1 30. Kxf1 Nxd6 31. exd6 Ra6 32. Rb1 Qxd6 33. Qc8+ Kg7 34. Rb7+ Kh6 35. Qh8 Kg5 36. Rxh7 Rc6 37. g3 Rc1+ 38. Kf2 Rc2+ 39. Ke1 Qd5 40. Rh5+ Kg4 41. Rh4+ Kf3 42. Qb8 g5 43. Rf4+ Ke3 0-1

[Event "ROM-ch op"]
[Site "Sarata Monteoru"]
[Date "2011.02.17"]
[Round "8"]
[White "Anton, Teodor"]
[Black "Telea, Stefan"]
[Result "1-0"]
[WhiteElo "2316"]
[BlackElo "2095"]
[PlyCount "89"]
[EventDate "2011.02.12"]
[EventType "swiss"]
[EventRounds "11"]
[EventCountry "ROU"]
[SourceTitle "CBM 140 Extra"]
[Source "ChessBase"]
[SourceDate "2011.03.01"]
[SourceVersion "1"]
[SourceVersionDate "2011.03.01"]
[SourceQuality "1"]

1. d4 Nf6 2. Nf3 e6 3. Nbd2 c5 4. e3 b6 5. Bd3 Bb7 6. 0-0 Be7 7. b3 cxd4 8. exd4 0-0 9. Bb2 Qc7 10. c4 Nc6 11. Rc1 Qf4 12. a3 d5 13. Qe2 Rfd8 14. c5 bxc5 15. dxc5 a5 16. Rfe1 Nd7 17. g3 Qg4 18. Bb1 Ba6 19. Qe3 Bf6 20. Bxf6 Nxf6 21. Bd3 Bb7 22. Bf1 h6 23. h3 Qh5 24. g4 d4 25. Qf4 Qd5 26. Bg2 Qd7 27. Nc4 Nd5 28. Qd2 Qe7 29. Nxd4 Qxc5 30. Nxc6 Qxc6 31. Nxa5 Qb6 32. Nxb7 Qxb7 33. Qb2 Qa7 34. a4 Rab8 35. Rc4 Qe7 36. a5 Qg5 37. a6 Rd7 38. b4 Ra7 39. Ra1 Nf4 40. Bf1 Rb6 41. Qd4 Nd5 42. Rc8+ Kh7 43. Bg2 Raxa6 44. Rxa6 Rxa6 45. Qd3+ 1-0

[Event "ROM-ch op"]
[Site "Sarata Monteoru"]
[Date "2011.02.14"]
[Round "4"]
[White "Florescu, Codrut Constantin"]
[Black "Telea, Stefan"]
[Result "1-0"]
[WhiteElo "2226"]
[BlackElo "2095"]
[PlyCount "71"]
[EventDate "2011.02.12"]
[EventType "swiss"]
[EventRounds "11"]
[EventCountry "ROU"]
[SourceTitle "CBM 140 Extra"]
[Source "ChessBase"]
[SourceDate "2011.03.01"]
[SourceVersion "1"]
[SourceVersionDate "2011.03.01"]
[SourceQuality "1"]

1. d4 Nf6 2. c4 e6 3. Nf3 b6 4. Nc3 Bb7 5. a3 Ne4 6. Nxe4 Bxe4 7. Nd2 Bb7 8. e3 Be7 9. Bd3 0-0 10. 0-0 c5 11. d5 f5 12. e4 f4 13. Nf3 Qc7 14. g3 fxg3 15. hxg3 e5 16. Kg2 d6 17. Rh1 Nd7 18. Nh4 Nf6 19. Nf5 g6 20. Nh6+ Kh8 21. Be3 Qd7 22. Rh2 Ng8 23. Be2 Bc8 24. Bg4 Qe8 25. Be6 Nf6 26. Qf3 Bd8 27. Rah1 Bxe6 28. dxe6 Qxe6 29. g4 Be7 30. g5 Nh5 31. Nf5 Rf7 32. b3 Raf8 33. Rxh5 gxh5 34. Qxh5 Bd8 35. g6 Rg8 36. Qxh7+ 1-0

[Event "Ploiesti Conpet op"]
[Site "Ploiesti"]
[Date "2010.10.31"]
[Round "8"]
[White "Telea, Stefan"]
[Black "Chiru, Alexandru"]
[Result "0-1"]
[WhiteElo "2157"]
[BlackElo "1862"]
[PlyCount "64"]
[EventDate "2010.10.23"]
[EventType "swiss"]
[EventRounds "9"]
[EventCountry "ROU"]
[SourceTitle "EXT 2012"]
[Source "ChessBase"]
[SourceDate "2011.11.24"]
[SourceVersion "1"]
[SourceVersionDate "2011.11.24"]
[SourceQuality "1"]

1. d4 Nf6 2. Nf3 g6 3. g3 Bg7 4. Bg2 0-0 5. c4 c6 6. Nc3 d6 7. 0-0 Nbd7 8. Bg5 e5 9. e4 h6 10. Bc1 Qe7 11. d5 c5 12. a3 a5 13. Rb1 Nh7 14. Nh4 Nb6 15. Qe2 Re8 16. Be3 Nd7 17. b4 axb4 18. axb4 b6 19. bxc5 bxc5 20. Nb5 Ndf6 21. Ra1 Bb7 22. h3 Ng5 23. Bd2 Qd7 24. g4 Ngh7 25. Ba5 Rec8 26. Bb6 Ra6 27. Rxa6 Bxa6 28. Ba5 Rb8 29. Rb1 Ne8 30. Nf3 f5 31. Nh4 fxg4 32. hxg4 Nhf6 0-1

[Event "Ploiesti Conpet op"]
[Site "Ploiesti"]
[Date "2010.10.24"]
[Round "3"]
[White "Telea, Stefan"]
[Black "Romosan, Cristian"]
[Result "1-0"]
[WhiteElo "2157"]
[BlackElo "1841"]
[PlyCount "41"]
[EventDate "2010.10.23"]
[EventType "swiss"]
[EventRounds "9"]
[EventCountry "ROU"]
[SourceTitle "EXT 2012"]
[Source "ChessBase"]
[SourceDate "2011.11.24"]
[SourceVersion "1"]
[SourceVersionDate "2011.11.24"]
[SourceQuality "1"]

1. d4 d5 2. c4 e6 3. g3 Bb4+ 4. Nc3 dxc4 5. Bg2 c6 6. Nf3 a5 7. Ne5 Bxc3+ 8. bxc3 b5 9. a4 Ra6 10. Ba3 f6 11. Nf3 Nd7 12. 0-0 Nb6 13. e3 Nd5 14. Qd2 Nge7 15. Qb2 Bd7 16. Bc5 0-0 17. Nd2 Re8 18. Ne4 Nc8 19. Rfd1 Qc7 20. Qa3 Ncb6 21. Bd6 1-0

[Event "Ploiesti Conpet op"]
[Site "Ploiesti"]
[Date "2010.10.23"]
[Round "1"]
[White "Telea, Stefan"]
[Black "Gorea, Aristide"]
[Result "1-0"]
[WhiteElo "2157"]
[BlackElo "1766"]
[PlyCount "77"]
[EventDate "2010.10.23"]
[EventType "swiss"]
[EventRounds "9"]
[EventCountry "ROU"]
[SourceTitle "EXT 2012"]
[Source "ChessBase"]
[SourceDate "2011.11.24"]
[SourceVersion "1"]
[SourceVersionDate "2011.11.24"]
[SourceQuality "1"]

1. d4 e6 2. c4 Nf6 3. Nf3 b6 4. Nc3 Bb7 5. a3 d5 6. cxd5 Nxd5 7. Qa4+ c6 8. e4 Nxc3 9. bxc3 Be7 10. Bd3 0-0 11. 0-0 Qc7 12. Be3 Nd7 13. Rfd1 Nf6 14. c4 Ng4 15. Bc1 f5 16. exf5 exf5 17. h3 Nh6 18. Bxh6 gxh6 19. Qc2 Bc8 20. Qd2 Qd6 21. a4 Qf6 22. a5 Rb8 23. axb6 axb6 24. Ra7 Rf7 25. Qf4 Rb7 26. Ra8 Rf8 27. Ne5 Bd6 28. Re1 Re7 29. Qf3 c5 30. Rb1 Bxe5 31. dxe5 Rxe5 32. Kh2 Qd6 33. Rxb6 Qc7 34. Rc6 Qb7 35. Rcxc8 Qxf3 36. Rxf8+ Kg7 37. Rg8+ Kf7 38. Raf8+ Ke7 39. gxf3 1-0

[Event "ROM-ch"]
[Site "Eforie Nord"]
[Date "2009.02.03"]
[Round "4"]
[White "Nanu, Florentin Gabriel"]
[Black "Telea, Stefan"]
[Result "1-0"]
[WhiteElo "1879"]
[BlackElo "2150"]
[PlyCount "83"]
[EventDate "2009.01.31"]
[EventType "swiss"]
[EventRounds "9"]
[EventCountry "ROU"]
[SourceTitle "CBM 130 Extra"]
[Source "ChessBase"]
[SourceDate "2009.07.02"]
[SourceVersion "2"]
[SourceVersionDate "2009.07.15"]
[SourceQuality "1"]

1. e4 d5 2. exd5 Qxd5 3. Nc3 Qa5 4. Bb5+ Bd7 5. Bxd7+ Nxd7 6. Nf3 0-0-0 7. d3 e5 8. Ng5 Nh6 9. Qf3 Bb4 10. Bd2 Qb6 11. 0-0 Qg6 12. Nd5 Bd6 13. Ne4 Rhf8 14. Bg5 Rde8 15. Qe3 Kb8 16. Bxh6 gxh6 17. Nxd6 Qxd6 18. Nc3 a6 19. Kh1 f5 20. f4 Nf6 21. fxe5 Rxe5 22. Qxh6 Rg8 23. Rae1 Rg6 24. Qd2 Ng4 25. Rxe5 Qxe5 26. Qf4 Qe6 27. g3 Rh6 28. h4 Rf6 29. Qf3 Qd6 30. Nd5 Rh6 31. Nf4 Qb4 32. b3 Qc3 33. Qe2 Qc6+ 34. Qg2 Qc3 35. Nd5 Qa5 36. Rxf5 Qxa2 37. Rf8+ Ka7 38. Qg1+ b6 39. Rf7 Rc6 40. Rxc7+ Rxc7 41. Qxb6+ Ka8 42. Nxc7# 1-0